000 00391 a2200157 4500
001 63890
020 _a8524905883 (broch.)
040 _cAnchieta - Pituba
100 _aFrigotto, Gaudêncio
240 1 0 _aEducação e a crise do capitalismo real
_lpor
245 1 0 _aEducação e a crise do capitalismo real
300 _a231p.
362 0 _a1995
650 4 _aEducação
942 _cBK
999 _c63890
_d63890